000 00504nam a2200157 a 4500
001 000022203
005 20260304085435.0
008 100920s1996 dr 000 0 spa d
040 _aDO-SdBNP
_bspa
_cBNPHU
082 _axxx
_bP349p
100 1 _aPeña Gomez, Jose Francisco ,
_d1937-1998
_92994
245 1 0 _aPrimero la gente :
_bbase programatica del gobierno compartido /
_cJosé Francisco Peña Gómez.
260 _aSanto Domingo :
_bDe Colores,
_c1996.
300 _a164 p. ;
_c19 cm.
049 _aBNPD
999 _c21701
_d21701